|
|
|
|
| LEADER |
00000nam0a2200000 4500 |
| 001 |
142618 |
| 005 |
20231201113246.0 |
| 010 |
|
|
|a 5852504017
|
| 035 |
|
|
|a (RuTPU)RU\TPU\book\154548
|
| 090 |
|
|
|a 142618
|
| 100 |
|
|
|a 20080909d1990 m y0rusy50 ca
|
| 101 |
0 |
|
|a rus
|
| 102 |
|
|
|a RU
|
| 105 |
|
|
|a a z 001zb
|
| 200 |
1 |
|
|a Образы Ф. М. Достоевского в иллюстрациях Ильи Глазунова
|e фотоальбом
|f под ред. Н. А. Виноградова-Бенуа ; Л. Я. Ермилова
|
| 205 |
|
|
|a 2-е изд.
|
| 210 |
|
|
|a Москва
|c Планета
|d 1990
|
| 215 |
|
|
|a 208 с.
|c ил.
|
| 300 |
|
|
|a В суперобложке
|
| 318 |
|
|
|5 63413507
|a Любовь народную не купишь
|
| 330 |
|
|
|a Федор Михайлович Достоевский - любимый писатель Ильи Глазунова. Живой интерес к личности и наследию великого писателя Илья Глазунов пронес через всю свою творческую биографию. Он создал большой цикл, посвященный образам Достоевского. В альбоме представлены работы Глазунова, посвященные романам великого писателя
|
| 600 |
|
1 |
|a Глазунов
|b И. С.
|g Илья Сергеевич
|c русский живописец
|c график
|f 1930-
|2 stltpush
|3 (RuTPU)RU\TPU\pers\12280
|
| 600 |
|
1 |
|a Достоевский
|g Федор Михайлович
|f 1821-1881
|c русский писатель
|b Ф. М.
|2 stltpush
|3 (RuTPU)RU\TPU\pers\1038
|
| 606 |
1 |
|
|a Русская литература, дореволюционная
|x История и критика
|9 50315
|
| 606 |
1 |
|
|a Живописцы
|9 37852
|
| 610 |
1 |
|
|a книжная графика
|
| 610 |
1 |
|
|a книжные иллюстрации
|
| 610 |
1 |
|
|a русская литература
|
| 610 |
1 |
|
|a 19 век
|
| 610 |
1 |
|
|a история
|
| 610 |
1 |
|
|a фотоальбомы
|
| 675 |
|
|
|a 75.071
|v 4
|z rus
|
| 675 |
|
|
|a 8Р1
|v 4
|z rus
|
| 702 |
|
1 |
|a Виноградова-Бенуа
|b Н. А.
|g Нина Александровна
|4 340
|
| 702 |
|
1 |
|a Ермилова
|b Л. Я.
|g Лариса Яковлевна
|4 070
|
| 801 |
|
1 |
|a RU
|b 63413507
|c 20080909
|g PSBO
|
| 801 |
|
2 |
|a RU
|b 63413507
|c 20100706
|g PSBO
|
| 942 |
|
|
|c BK
|